000 00479nam a22001457a 4500
082 _aT-275
100 _aWaseem Ullah
_936198
245 _aFactors Influencing Construction Waste Generation in Building Construction : Pakistan's Perspective
260 _aRisalur,
_bMCE,
_c2020.
300 _a90 pages.
_c30 cm.
526 _a0
_b0
_c0
_dT_275
650 _aConstruction Engineering & Management
_930346
700 _aSupervisor Dr Rai Waqas Azfar Khan
_936199
942 _2ddc
_cBK
999 _c554456
_d554456